000 00395nam a22001577a 4500
003 OSt
005 20211026093234.0
008 211026b |||||||| |||| 00| 0 eng d
040 _aDDC
_cHU
082 _21ST
_a614
_b1
100 _aSARAH EARLE
_915473
245 _aTHEORY AND RESEARCH IN PROMOTING PUBLIC HEALTH
250 _a1ST
260 _bTHE OPEN UNIVERSITY
_c2007
942 _2ddc
_cBOOKS
_n0
999 _c14859
_d14859